U.S. Car Models - Sudden Death - Statistics

General Stats
  • This quiz has been taken 433 times
  • The average score is 7 of 19
Answers on the Grid
Answers color-coded by a green-red scale on the quiz's grid according to % correct below.
Altima
Bronco
Canyoner
Cascade
Cheyenne
Durango
Fiesta
Forester
Grand Cherokee
Granite
Highlander
Integra
Marlin
Montana
Mustang
Odyssey
Pathfinder
Polaris
Prospect
Ridgeline
Sacramento
Sierra
Silverado
Suburban
Summit
Tacoma
Taiga
Tucson
Wrangler
Yukon
 
Answer Stats
Answer % Correct
Bronco
85%
Mustang
61%
Grand Cherokee
58%
Durango
54%
Wrangler
48%
Fiesta
44%
Silverado
42%
Suburban
41%
Altima
40%
Yukon
36%
Sierra
34%
Highlander
33%
Tacoma
32%
Forester
28%
Pathfinder
28%
Tucson
28%
Odyssey
24%
Integra
17%
Ridgeline
14%
No matching quizzes found
Score Distribution
Percent of People with Each Score
Percentile by Number Answered
Your Score History
You have not taken this quiz